LEADER 01331nam a2200289 i 4500 001 000000162039 003 CaOOAMICUS 005 20080606000000.0 008 080606s2008 it u000 u ita u 013 $a139403 020 $a978-88-215-6201-3 040 $aSeMil$bita 100 1 $aAgasso, Renzo <1953- >.$0(OLS)http://semarc/name/24442 245 13$aIl piombo e il silenzio :$ble vittime del terrorismo in Italia (1967-2003) /$cRenzo Agasso, Domenico Agasso Jr. 260 $aCinisello Balsamo :$bSan Paolo,$c2008. 300 $a237 p. ;$c22 cm. 490 0 $aAttualitą e storia ;$v85 650 4$aItalia - Storia - Sec. 20.$0(OLS)http://semarc/subject/254 650 4$aTerrorismo - Italia - 1963-2003.$0(OLS)http://semarc/subject/17721 700 1 $aAgasso, Domenico Jr.,$d<1979- >.$0(OLS)http://semarc/name/42835 830 0$aAttualitą e storia ;$v85.$0(OLS)http://semarc/title/5888 850 $aSeMil 852 $aSeMil$W1$xVenegono$y1$m3U III 380$j113416$B113416$CSeMilBibl$Z2$F135401 $81 961 $aAcquisto: DEA 996 $6020$a978-88-215-6201-3$9(OLS)http://semarc/number/78144 996 $6245$aIl piombo e il silenzio :$ble vittime del terrorismo in Italia (1967-2003)$9(OLS)http://semarc/title/145508 996 $6260$aCinisello Balsamo :$bSan Paolo$9(OLS)http://semarc/publisher/30129 LEADER 01016nam a2200193 i 4500 001 000000232133 003 CaOOAMICUS 005 20200708172523.0 008 140819s1789 it u000 u lat u 013 $a211036 026 $a9071 r.os 3.k. 23ta (3) 1789 (R) 040 $aSeMil$bita 245 10$aTomus 1: Complectens primam partem dissertationum In Vetus Testamentum. 300 $a[4], 658 p., [1] carta di tav. geogr. ripieg. 773 0 $aCalmet, Augustin $tP. R. D. Augustini Calmet Ordinis S. Benedicti, ... Dissertationes in Vetus et Novum Testamentum latinis literis traditae a Joanne Dominico Mansi ..$dWirceburgi : Sumtibus publicis prostant apud Franc. Xaver. Rienner, 1789.$bEditio novissima ad exemplar parisiense correcta.$g1$w()30362 850 $aSeMil 852 $aSeMil$W1$xVenegono$y1$m2Y V 1 FA$j182479$B182479$CSeMilBibl$Z2$F193500 $8I 996 $6245$aTomus 1: Complectens primam partem dissertationum In Vetus Testamentum$9(OLS)http://semarc/title/331258